Company Law Powers and Accountability (Record no. 7534)

MARC details
000 -LEADER
fixed length control field 00606nam a22002057a 4500
003 - CONTROL NUMBER IDENTIFIER
control field OSt
005 - DATE AND TIME OF LATEST TRANSACTION
control field 20211125112503.0
008 - FIXED-LENGTH DATA ELEMENTS--GENERAL INFORMATION
fixed length control field 211125b ||||| |||| 00| 0 eng d
020 ## - INTERNATIONAL STANDARD BOOK NUMBER
International Standard Book Number 9628105868
040 ## - CATALOGING SOURCE
Transcribing agency DDC
082 ## - DEWEY DECIMAL CLASSIFICATION NUMBER
Classification number 346.066 CHE 2003
100 ## - MAIN ENTRY--PERSONAL NAME
Personal name Cheang Loh Siew; William M.F. Wong
9 (RLIN) 15422
245 ## - TITLE STATEMENT
Title Company Law Powers and Accountability
260 ## - PUBLICATION, DISTRIBUTION, ETC. (IMPRINT)
Place of publication, distribution, etc. Lexis Nexis:
Name of publisher, distributor, etc. Reed Elsevier;
Date of publication, distribution, etc. 2003
300 ## - PHYSICAL DESCRIPTION
Extent cxxx,1567p.;
Dimensions 25cm.
504 ## - BIBLIOGRAPHY, ETC. NOTE
Bibliography, etc Includes bibliographical references and index
650 ## - SUBJECT ADDED ENTRY--TOPICAL TERM
Topical term or geographic name as entry element Company law
9 (RLIN) 15423
650 ## - SUBJECT ADDED ENTRY--TOPICAL TERM
Topical term or geographic name as entry element Powers and Accountability
9 (RLIN) 15424
942 ## - ADDED ENTRY ELEMENTS (KOHA)
Source of classification or shelving scheme Dewey Decimal Classification
Koha item type Book
Holdings
Withdrawn status Lost status Source of classification or shelving scheme Damaged status Not for loan Home library Current library Date acquired Source of acquisition Inventory number Total Checkouts Full call number Barcode Date last seen Price effective from Koha item type
    Dewey Decimal Classification     Faculty of Management Science Library Faculty of Management Science Library 25/11/2021 Purchase 15/4853   346.066 CHE 2003 2021-1899 25/11/2021 25/11/2021 Book
    Dewey Decimal Classification     Faculty of Management Science Library Faculty of Management Science Library 25/11/2021 Purchase 15/4854   346.066 CHE 2003 2021-1900 25/11/2021 25/11/2021 Book